| 000 | 00689 am a2200217ua 4500 | ||
|---|---|---|---|
| 001 | 010765624 | ||
| 005 | 20130404134649.0 | ||
| 008 | 020507s2002 enk || 000 ||eng | ||
| 020 | _a1841120219 | ||
| 020 | _a9781841120218 | ||
| 082 | 0 | 4 |
_a658.403 _221 _bSTI |
| 245 | 0 | 0 |
_aSticky Wisdom : _bHow to Start a Creative Revolution at Work / _cby Dave Allan, Matt Kingdon, Kris Murrin and Daz Rudkin. |
| 250 | _a2nd ed. | ||
| 260 |
_aOxford : _bCapstone, _c2002. |
||
| 300 |
_axx, 182 p. ; _c21 cm. |
||
| 500 | _aPrevious ed.: 1999. | ||
| 650 | 0 |
_aCreative ability in business. _924379 |
|
| 653 |
_bBus _cApril2013 |
||
| 690 | 7 |
_aManagement and Business Studies _2blcoll |
|
| 942 |
_2ddc _cBB |
||
| 999 |
_c17417 _d17389 |
||